000 02017nab a22003017a 4500
999 _c5317
_d5317
003 OSt
005 20250221104100.0
008 190603e xxum|||| |||| 00| 0 spa d
040 _cPJ-TDF
100 _94791
_aAzar, Aldo Marcelo
245 1 0 _aResponsabilidad por los sistemas de inteligencia artificial en entornos virtuales, aplicaciones, sitios de internet y plataformas digitales. La configuración de una nueva obligación de seguridad por daños a derechos personalísimos, datos personales y atributos de la personalidad a la luz de los Tratados de Derechos Humanos /
_cAldo M. Azar.
260 _cCiudad Autónoma de Buenos Aires :
_aThomson Reuters La Ley,
_b2024.
300 _ap. 75-84
500 _aCita: TR LALEY AR/DOC/1983/2024. Publicado en: R.C.C. y C. 2024 (Septiembre-Octubre). EDICIÓN ESPECIAL: XXIX Jornadas Nacionales de Derecho Civil.
505 _aSumario: I. Conceptualización inicial de la inteligencia artificial (IA) y delimitación de los fenómenos bajo análisis.— II. Hechos productores de daños.— III. La afectación de los derechos personalísimos y de los atributos de la personalidad.— IV. Factores de atribución de responsabilidad.— V. La configuración de una nueva y especial obligación de seguridad.— VI. La responsabilidad por daños causados por la IA en entornos virtuales.
505 _t¿Te interesa el texto completo? Solicitalo al correo: koha@justierradelfuego.gov.ar
650 0 _95817
_aINTELIGENCIA ARTIFICIAL
650 0 _91467
_aRESPONSABILIDAD CIVIL
650 0 _96081
_aCIENCIA Y TECNOLOGÍA
650 0 _92823
_aDAÑOS Y PERJUICIOS
650 0 _92823
_aDAÑOS Y PERJUICIOS
650 0 _92724
_aDERECHO A LA INTIMIDAD
650 0 _94108
_aDATOS PERSONALES
650 0 _9765
_aDERECHOS PERSONALÍSIMOS
700 _96366
_aGuerreiro, Pablo N.
_ecoautor
773 0 _02713
_93170
_dCiudad Autónoma de Buenos Aires : Thomson Reuters La Ley, 2015-
_tRevista Código Civil y Comercial. Nº 5 - Septiembre-Octubre 2024
942 _2udc
_cANA